000 01264nam a2200253Ia 4500
999 _c54624
_d54624
001 21691
003 GE_BSU
005 20211215161301.0
008 181216s1960||||ge |||||||||||||| ||geo||
040 _cGE_BSU
041 _ageo
080 _a811.353.1(076.5) კ-49
100 _aკიზირია, ანტონ
_97225
245 _aქართული ენა ფონეტიკისა და მორფოლოგიის პრაქტიკუმი I :
_bდამხმ. სახელმძღვ. პედ. ინსტიტუტების სტუდენტებისათვის.
_cანტონ კიზირია ; რედ. ე. პოლოლიკაშვილი
250 _aმე-2 შევსებული გამოცემა
264 _aთბილისი :
_bცოდნა,
_c1960.
300 _a169 გვ. ;
_c21 სმ.
541 _h0,64 თ.
653 _aპრაქტიკუმი
653 _aქართული ენა
653 _aფონეტიკისა და მორფოლოგიის პრაქტიკუმი
700 _aპოლოლიკაშვილი, ე.
_eრედაქტორი
_913300
942 _cBK
_2udc